000 02890nam a22002537a 4500
005 20220309110033.0
008 220211b ||||| |||| 00| 0 eng d
020 _a9781292267203
040 _cAL
041 _aEnglish
082 _223
_a574.192
_bAPPB
100 _aDean R Appling and others
_923138
245 _aBiochemistry: concepts and connections
250 _aed 2
260 _aNew York
_bPearson Education Limited
_c2019
300 _a925 p.
_bPB
_c27x24 cm.
365 _aABDI/0545/22
_c$
_d$113.99
_e25%
_f07-02-2022
520 _aBiochemistry: Concepts and Connections engages students with a unique approach to visualization, synthesis of complex topics, and connections to the real world. The author team builds quantitative reasoning skills and provides students with a rich, chemical perspective on biological processes. The text emphasizes fundamental concepts and connections, showing how biochemistry relates to practical applications in medicine, agricultural sciences, environmental sciences, and forensics. The newly revised 2nd Edition integrates even more robust biochemistry-specific content in Mastering™ Chemistry, creating an interactive experience for today’s students. New Threshold Concept Tutorials help students master the most challenging and critical ideas in biochemistry, while Interactive Case Studies connect course material to the real world by having students explore actual scientific data from primary literature. Table of Contents: 1. Biochemistry and the Language of Chemistry 2. The Chemical Foundation of Life: Weak Interactions in an Aqueous Environment 3. The Energetics of Life 4. Nucleic Acids 5. Introduction to Proteins: The Primary Level of Protein Structure 6. The Three-Dimensional Structure of Proteins 7. Protein Function and Evolution 8. Enzymes: Biological Catalysts 9. Carbohydrates: Sugars, Saccharides, Glycans 10. Lipids, Membranes, and Cellular Transport 11.Chemical Logic of Metabolism 12. Carbohydrate Metabolism: Glycolysis, Gluconeogenesis, Glycogen Metabolism, and the Pentose Phosphate Pathway 13.The Citric Acid Cycle 14 .Electron Transport, Oxidative Phosphorylation, and Oxygen Metabolism 15 .Photosynthesis 16. Lipid Metabolism 17. Interorgan and Intracellular Coordination of Energy Metabolism in Vertebrates 18. Amino Acid and Nitrogen Metabolism 19. Nucleotide Metabolism 20. Mechanisms of Signal Transduction 21. Genes, Genomes, and Chromosomes 22. DNA Replication 23. DNA Repair, Recombination, and Rearrangement 24. Transcription and Post-transcriptional Processing 25. Information Decoding: Translation and Post-translational Protein Processing 26. Regulation of Gene Expression
650 _aBiochemistry
_919393
700 _aAPPLING (Dean R)
_919394
700 _aANTHONY CAHILL (Spencer J)
_919395
700 _aMATHEWS (Christopher K)
_919396
942 _2ddc
_cBK
999 _c221486
_d221486